000 01205nam a2200325 a 4500
001 000109626
003 CHAP
005 20220329144057.0
008 140515s2014 mx a |sm |||||||spa|d
010 _a106088
011 _a107060
040 _cCHAP
090 _aTesis
100 1 _aSolís López, Antonio
_9126861
245 1 0 _aControl biológico de Phytophthora capsici Leo en cultivo de chile en León, Guanajuato
_h[En línea]
_cpor Antonio Solís López.
260 _aChapingo, Méx. :
_bEl autor,
_c2014.
500 _aPara ver el contenido del material haga clic en la liga
502 _aTesis (Ing. Agr. Esp. en Parasitología Agrícola) -- UACH. Departamento de Parasitología Agrícola
590 _aBATCH-UPD
_b05
_c20141002
_lUCH01
_h0903
590 _aE792CSJ
_b05
_c20140515
_lUCH01
_h0932
590 _aE792CSJ
_b05
_c20140515
_lUCH01
_h0932
650 1 4 _aChile (Botánica)
_xEnfermedades por hongos.
_922354
650 1 4 _aChile (Botánica)
_xGuanajuato.
_922364
650 1 4 _aMarchitez del chile.
_971282
650 1 4 _aPhytophthora capsici.
_987920
856 _aFinding aid
_uhttp://10.13.5.2/tesis/sist109626.pdf
_zTeclea aquí
901 _aBK
942 _cTESIS
942 _n0
999 _c106088
_d106088